Sports Quiz

Random Sports or Football Quiz

Pontiac Football Team 2011 Quiz Stats

 Plays Quiz not verified by Sporcle

Support Sporcle.
Go Orange.
Score 0/50 Timer 10:00
0 Plays Today
Number Player % Correct
1Christian Mcbeath
92.6%
28Chase Alford
92.6%
15Jake Heller
88.9%
11Peter Martin
85.2%
2Jeremiah Harrington
81.5%
3Eric Kelly
81.5%
9Kyle Battle
81.5%
21Kris Ingram
81.5%
44Bacardy Taylor
81.5%
5Alex Friedman
77.8%
76Aaron Shelton
77.8%
54Ryan Battle
74.1%
71Matt Basham
74.1%
74Derik Poshard
74.1%
78Quinn Bullard
74.1%
25Jordan Gray
70.4%
51Colin Francis
70.4%
56Zach Garrels
70.4%
8Matt Petersen
66.7%
67Chase Melvin
66.7%
23Jon Roberts
63%
30Kohl Gregory
63%
86Troy Watson
63%
31Brendan Decker
59.3%
33Dallas Burns
59.3%
Number Player % Correct
42Adam Green
59.3%
50Jordan Bammann
59.3%
12Logan Gschwendtner
55.6%
35Jesse Carter
55.6%
36John Trainor
55.6%
58Alex Rodriguez
51.9%
63Andrew Snyder
51.9%
77Quintrel Ramey
51.9%
57Shawn Mccaskey
48.1%
61Adam Mccormick
48.1%
24Daniel cortez
44.4%
4Tyler Shrewsbury
40.7%
20Tyler Masching
40.7%
60Ben Weber
40.7%
6Cameron Craig
37%
13Matt Johnson
37%
53Bobby Raber
37%
62Brandon Zehr
37%
84Anothony Smith
37%
83Chuck Hodgens
33.3%
55Stephen Reints
29.6%
85Jayson Clay
25.9%
32Humberto Serna
22.2%
59Eric Demattia
22.2%
64Vince Murphy
11.1%

You're not logged in!

Compare scores with friends on all Sporcle quizzes.
OR
Log In

From the Vault

Ruined By A Letter: Movies (2000s) II

by samc67

Just one bad letter can ruin a whole movie.
Remove Ads.
Support Sporcle.
Get the best of Sporcle when you Go Orange. This ad-free experience offers more features, more stats, and more fun while also helping to support Sporcle. Thank you for becoming a member.

Show Comments

Extras

Top Quizzes Today


Score Distribution

Your Account Isn't Verified!

In order to create a playlist on Sporcle, you need to verify the email address you used during registration. Go to your Sporcle Settings to finish the process.

Report this User

Report this user for behavior that violates our Community Guidelines.

Details: